Statistics for Portuguese top 4 divisions teams

Click here to take the quiz!

General Stats

  • This quiz has been taken 46 times
  • The average score is 31 of 112

Answer Stats

Team% Correct
Benfica
100%
Sporting
100%
Braga
94%
Porto
94%
Boavista
75%
Maritimo
69%
Vitoria SC
69%
Farense
63%
Nacional
63%
Portimonense
63%
Rio Ave
63%
Belenenses
56%
Chaves
56%
Leixoes
56%
Santa Clara
56%
Uniao Leiria
56%
Arouca
50%
AVS
50%
Benfica B
50%
Braga B
50%
Estoril
50%
Estrela Amadora
50%
Mafra
50%
Moreirense
50%
Porto B
50%
Sporting B
50%
Tondela
50%
Vitoria FC
50%
Vizela
50%
Casa Pia
44%
Famalicao
44%
Feirense
44%
Gil Vicente
44%
Torreense
44%
Academica
38%
Academico Viseu
38%
Beira-Mar
38%
Canelas
38%
Lank
38%
Oliveirense
38%
Paços Ferreira
38%
Penafiel
38%
Alverca
31%
Vitoria SC B
31%
Amora
25%
Atletico
25%
Fafe
25%
Felgueiras
25%
Lusitano
25%
Amarante
19%
Barreirense
19%
Benfica Castelo Branco
19%
Caldas
19%
Fabril
19%
Juventude
19%
Lusitania Açores
19%
Lusitania Lourosa
19%
Maritimo B
19%
Montalegre
19%
Oliveira Hospital
19%
Peniche
19%
Real
19%
Sporting Covilha
19%
Trofense
19%
Varzim
19%
Alverca B
13%
Camacha
13%
Dumiense
13%
Elvas
13%
Gondomar
13%
Imortal
13%
Marinhense
13%
Moncarapachense
13%
Oriental
13%
Pero Pinheiro
13%
Pevidem
13%
Sintrense
13%
Tirsense
13%
Uniao Santarem
13%
Uniao Tomar
13%
Vianense
13%
Vila Real
13%
1 Dezembro
6%
Anadia
6%
Gouveia
6%
Limianos
6%
Louletano
6%
Mirandela
6%
Mortagua
6%
Oliveira Douro
6%
Portosantense
6%
Rabo Peixe
6%
Rebordosa
6%
Salgueiros
6%
Sandinenses
6%
Sanjoanense
6%
Serpa
6%
Sertanense
6%
Uniao 1919
6%
Vidigueira
6%
Vilar Perdizes
6%
Brito
0%
Florgrade
0%
Fontinhas
0%
Lamelas
0%
Marco
0%
Paredes
0%
Ribeirao
0%
Sao Joao Ver
0%
Valadares
0%
Vila Mea
0%
Vitoria Sernache
0%

Score Distribution

Percentile by Number Answered

Percent of People with Each Score

Your Score History

You have not taken this quiz